[Event "Bundesliga 9900"]
[Site "Deutschland"]
[Date "2000.02.19"]
[Round "10.8"]
[White "Kummerow, Heiko"]
[Black "Klundt, Klaus"]
[Result "1/2-1/2"]
[WhiteElo "2326"]
[BlackElo "2398"]
[PlyCount "95"]
[EventDate "1999.10.09"]
[EventType "team"]
[EventRounds "15"]
[EventCountry "GER"]
[SourceTitle "Bundesliga 9900"]
[Source "DeepChess"]
[SourceDate "2005.01.01"]
[SourceVersion "1"]
[SourceVersionDate "2005.01.01"]
[SourceQuality "1"]
[WhiteTeam "PSV Turm Duisburg 1920 e.V."]
[BlackTeam "TV Tegernsee"]
[WhiteTeamCountry "GER"]
[BlackTeamCountry "GER"]

1. e4 c5 2. Nf3 Nc6 3. d4 cxd4 4. Nxd4 e5 5. Nb5 a6 6. Nd6+ Bxd6 7. Qxd6 Qe7 8.
Qd1 Nf6 9. Nc3 h6 10. Be3 O-O 11. Bc4 d6 12. O-O Be6 13. Nd5 Bxd5 14. Bxd5 Nb4
15. Bb3 Nxe4 16. Qg4 d5 17. c3 Nc6 18. Bxd5 Nf6 19. Qf3 Nxd5 20. Qxd5 Rfd8 21.
Qb3 b5 22. Rae1 Na5 23. Qc2 Nc4 24. f4 Nxe3 25. Rxe3 Qa7 26. Qf2 exf4 27. Re4
g5 28. a4 Qxf2+ 29. Rxf2 Rd1+ 30. Rf1 Rd2 31. Rf2 Rad8 32. axb5 axb5 33. Rb4
Rd1+ 34. Rf1 R1d5 35. h4 Re8 36. hxg5 hxg5 37. c4 bxc4 38. Rxc4 Re2 39. Kh1
Rxb2 40. Rc3 Kg7 41. Rc7 Rdd2 42. Re1 Rxg2 43. Rxf7+ Kg6 44. Re6+ Kh5 45. Rh6+
Kg4 46. Rxf4+ Kxf4 47. Rf6+ Ke3 48. Rf3+ 1/2-1/2

[Event "Bundesliga 9900"]
[Site "Deutschland"]
[Date "2000.02.19"]
[Round "10.2"]
[White "Kindermann, Stefan"]
[Black "Babula, Vlastimil"]
[Result "0-1"]
[WhiteElo "2528"]
[BlackElo "2573"]
[PlyCount "102"]
[EventDate "1999.10.09"]
[EventType "team"]
[EventRounds "15"]
[EventCountry "GER"]
[SourceTitle "Bundesliga 9900"]
[Source "DeepChess"]
[SourceDate "2005.01.01"]
[SourceVersion "1"]
[SourceVersionDate "2005.01.01"]
[SourceQuality "1"]
[WhiteTeam "SK Koenig Plauen"]
[BlackTeam "SAbt SV Werder Bremen"]
[WhiteTeamCountry "GER"]
[BlackTeamCountry "GER"]

1. Nf3 Nf6 2. c4 g6 3. Nc3 Bg7 4. e4 d6 5. d4 O-O 6. Be2 e5 7. O-O Nc6 8. d5
Ne7 9. b4 Nh5 10. Re1 h6 11. Nd2 Nf4 12. Bf1 f5 13. g3 Nh5 14. exf5 Nxf5 15.
Nde4 Nd4 16. Bg2 Nf6 17. h3 Bf5 18. Be3 g5 19. Rc1 a5 20. a3 axb4 21. axb4 Qd7
22. Nxf6+ Bxf6 23. Kh2 Qh7 24. Bxd4 exd4 25. Ne4 Be5 26. Qd2 Rae8 27. Qd3 Re7
28. Re2 Rfe8 29. Rce1 b6 30. Kg1 Bh8 31. Kh2 Be5 32. Kg1 Bh8 33. Kh2 Bg7 34. c5
bxc5 35. bxc5 h5 36. cxd6 cxd6 37. Kg1 Qg6 38. Kh1 Qh7 39. Kg1 Qg6 40. Kh1 Kh8
41. f4 gxf4 42. gxf4 Bf6 43. Qf3 Bh4 44. Nf2 Rxe2 45. Rxe2 Rxe2 46. Qxe2 d3 47.
Qe3 Qg3 48. Qd4+ Kg8 49. Kg1 Bxh3 50. Nxh3 Qe1+ 51. Bf1 d2 0-1

[Event "Bundesliga 9900"]
[Site "Deutschland"]
[Date "2000.02.19"]
[Round "10.4"]
[White "Bischoff, Klaus"]
[Black "Pelletier, Yannick"]
[Result "1-0"]
[WhiteElo "2544"]
[BlackElo "2478"]
[PlyCount "89"]
[EventDate "1999.10.09"]
[EventType "team"]
[EventRounds "15"]
[EventCountry "GER"]
[SourceTitle "Bundesliga 9900"]
[Source "DeepChess"]
[SourceDate "2005.01.01"]
[SourceVersion "1"]
[SourceVersionDate "2005.01.01"]
[SourceQuality "1"]
[WhiteTeam "SK Koenig Plauen"]
[BlackTeam "SAbt SV Werder Bremen"]
[WhiteTeamCountry "GER"]
[BlackTeamCountry "GER"]

1. b3 b6 2. Bb2 Bb7 3. Nf3 e6 4. e3 c5 5. Be2 Nf6 6. d3 Be7 7. Nbd2 d6 8. Rg1
O-O 9. g4 Nfd7 10. c4 a6 11. h4 Nc6 12. g5 f5 13. d4 cxd4 14. exd4 d5 15. a3
Bd6 16. cxd5 exd5 17. Kf1 Qe7 18. Ne1 Rae8 19. Bh5 g6 20. Bf3 Nd8 21. Nd3 Qf7
22. Bg2 a5 23. Nf3 Ba6 24. Rh1 Re4 25. Kg1 Ne6 26. Nfe5 Bxe5 27. dxe5 Rg4 28.
Rh2 Ndc5 29. Nxc5 bxc5 30. f3 Rg3 31. Bc3 Nf4 32. Be1 Rxg2+ 33. Rxg2 Nxg2 34.
Kxg2 Re8 35. Rc1 Rxe5 36. Rxc5 Qe6 37. Bf2 d4 38. Qxd4 Rxc5 39. Qxc5 Bb7 40.
Qxa5 f4 41. Qd8+ Kf7 42. Qc7+ Qe7 43. Qxf4+ Ke8 44. b4 Qd7 45. a4 1-0

[Event "Bundesliga 9900"]
[Site "Deutschland"]
[Date "2000.02.19"]
[Round "10.5"]
[White "Schandorff, Lars"]
[Black "Espig, Lutz"]
[Result "1-0"]
[WhiteElo "2511"]
[BlackElo "2402"]
[PlyCount "115"]
[EventDate "1999.10.09"]
[EventType "team"]
[EventRounds "15"]
[EventCountry "GER"]
[SourceTitle "Bundesliga 9900"]
[Source "DeepChess"]
[SourceDate "2005.01.01"]
[SourceVersion "1"]
[SourceVersionDate "2005.01.01"]
[SourceQuality "1"]
[WhiteTeam "SAbt SV Werder Bremen"]
[BlackTeam "SK Koenig Plauen"]
[WhiteTeamCountry "GER"]
[BlackTeamCountry "GER"]

1. d4 Nf6 2. c4 d6 3. Nc3 Nbd7 4. e4 e5 5. Nf3 Be7 6. Be2 O-O 7. O-O c6 8. Qc2
a6 9. Rd1 Qc7 10. Rb1 b5 11. b4 Bb7 12. dxe5 Nxe5 13. Nxe5 dxe5 14. Be3 a5 15.
bxa5 Rxa5 16. cxb5 cxb5 17. Rbc1 Qb8 18. Bxb5 Nxe4 19. a4 Nd6 20. Bd3 f5 21.
Bb6 Ra8 22. Bc5 e4 23. Bf1 Rf6 24. Qb3+ Kf8 25. Rb1 Qc7 26. Bxd6 Bxd6 27. Rxd6
Qxd6 28. Qxb7 Qc6 29. Qb3 Qc5 30. Nd5 Rd6 31. Nb6 Re8 32. Nc4 Rd4 33. Qb5 Rc8
34. Nb6 Qxb5 35. Rxb5 Rc1 36. Rxf5+ Ke7 37. Rd5 Rb4 38. Rb5 Rd4 39. Nd5+ Ke6
40. Ne3 Rxa4 41. g4 h6 42. Kg2 Kf6 43. Rb6+ Kf7 44. Bb5 Ra7 45. Bc4+ Kf8 46.
Bd5 Rc5 47. Rb8+ Ke7 48. Bxe4 h5 49. h3 hxg4 50. hxg4 Ke6 51. Bf5+ Ke5 52. Re8+
Kf6 53. Re6+ Kf7 54. Rb6 Rac7 55. Be6+ Kg6 56. Bf5+ Kf7 57. Be6+ Kg6 58. Nd5
1-0

[Event "Bundesliga 9900"]
[Site "Deutschland"]
[Date "2000.02.19"]
[Round "10.6"]
[White "Hackel, Mario"]
[Black "Heissler, Jakob"]
[Result "0-1"]
[WhiteElo "2353"]
[BlackElo "2447"]
[PlyCount "72"]
[EventDate "1999.10.09"]
[EventType "team"]
[EventRounds "15"]
[EventCountry "GER"]
[SourceTitle "Bundesliga 9900"]
[Source "DeepChess"]
[SourceDate "2005.01.01"]
[SourceVersion "1"]
[SourceVersionDate "2005.01.01"]
[SourceQuality "1"]
[WhiteTeam "SK Koenig Plauen"]
[BlackTeam "SAbt SV Werder Bremen"]
[WhiteTeamCountry "GER"]
[BlackTeamCountry "GER"]

1. d4 Nf6 2. c4 g6 3. Nc3 Bg7 4. e4 d6 5. Bg5 O-O 6. Qd2 Nbd7 7. Bd3 e5 8. d5
c6 9. Rd1 cxd5 10. Nxd5 Nc5 11. Ne2 Be6 12. Nec3 Bxd5 13. cxd5 h6 14. Be3 Rc8
15. Bb1 Ng4 16. b4 Nxe3 17. Qxe3 Na6 18. a3 Nb8 19. O-O a6 20. Rc1 Bf6 21. g3
Nd7 22. h4 h5 23. Ne2 Qb6 24. Rxc8 Rxc8 25. Rc1 Rxc1+ 26. Qxc1 Bd8 27. Qc8 Nf6
28. Nc1 Kg7 29. Kg2 Ng4 30. Nd3 Qd4 31. Qxb7 Qxe4+ 32. Kg1 Qe2 33. Qxa6 e4 34.
Qxd6 exd3 35. Qf4 d2 36. Qd4+ Bf6 0-1

[Event "Bundesliga 9900"]
[Site "Deutschland"]
[Date "2000.02.19"]
[Round "10.7"]
[White "Meins, Gerlef"]
[Black "Schaller, Sven"]
[Result "1-0"]
[WhiteElo "2414"]
[BlackElo "2308"]
[PlyCount "75"]
[EventDate "1999.10.09"]
[EventType "team"]
[EventRounds "15"]
[EventCountry "GER"]
[SourceTitle "Bundesliga 9900"]
[Source "DeepChess"]
[SourceDate "2005.01.01"]
[SourceVersion "1"]
[SourceVersionDate "2005.01.01"]
[SourceQuality "1"]
[WhiteTeam "SAbt SV Werder Bremen"]
[BlackTeam "SK Koenig Plauen"]
[WhiteTeamCountry "GER"]
[BlackTeamCountry "GER"]

1. d4 d5 2. Nf3 Nf6 3. c4 c6 4. Qc2 g6 5. Bf4 Na6 6. e3 Bf5 7. Qb3 Nb4 8. Qxb4
e5 9. Qxb7 Rb8 10. Qxc6+ Bd7 11. Qa6 exf4 12. c5 fxe3 13. fxe3 Bh6 14. Nc3 O-O
15. Be2 Rxb2 16. Nd1 Rb8 17. Ne5 Ne4 18. O-O f6 19. Nxd7 Qxd7 20. Bd3 Qe7 21.
Kh1 f5 22. Bxe4 dxe4 23. g3 Qf7 24. Rc1 Bg5 25. Qc4 Qxc4 26. Rxc4 Rb1 27. Kg2
Ra1 28. Nc3 Rxf1 29. Kxf1 Bxe3 30. c6 f4 31. g4 Kf7 32. c7 Rc8 33. Nb5 Ke6 34.
Nxa7 Rxc7 35. Rxc7 f3 36. Nb5 Bf4 37. Rxh7 e3 38. Nc3 1-0

[Event "Bundesliga 9900"]
[Site "Deutschland"]
[Date "2000.02.19"]
[Round "10.8"]
[White "Sandner, Gunter"]
[Black "Meyer, Claus Dieter"]
[Result "1/2-1/2"]
[WhiteElo "2361"]
[BlackElo "2313"]
[PlyCount "117"]
[EventDate "1999.10.09"]
[EventType "team"]
[EventRounds "15"]
[EventCountry "GER"]
[SourceTitle "Bundesliga 9900"]
[Source "DeepChess"]
[SourceDate "2005.01.01"]
[SourceVersion "1"]
[SourceVersionDate "2005.01.01"]
[SourceQuality "1"]
[WhiteTeam "SK Koenig Plauen"]
[BlackTeam "SAbt SV Werder Bremen"]
[WhiteTeamCountry "GER"]
[BlackTeamCountry "GER"]

1. Nf3 d5 2. d4 c6 3. g3 Bf5 4. Bg2 Nf6 5. O-O h6 6. c4 e6 7. Bf4 Nbd7 8. Nc3
Be7 9. h3 Ne4 10. Rc1 O-O 11. Ne5 Nxe5 12. Bxe5 Nxc3 13. Rxc3 Bd6 14. Bxd6 Qxd6
15. Qb3 Qe7 16. Rfc1 Rfd8 17. e3 Rd7 18. a4 Rad8 19. Qa3 Qf6 20. cxd5 exd5 21.
b4 Qe6 22. g4 Be4 23. f3 Bg6 24. b5 Rd6 25. bxc6 Rxc6 26. Rxc6 bxc6 27. Rc3 Rb8
28. Rb3 Qe8 29. a5 Qd8 30. a6 Rxb3 31. Qxb3 Qa5 32. Qb8+ Kh7 33. Qxa7 Bd3 34.
Qxf7 Qxa6 35. g5 Bg6 36. Qf4 hxg5 37. Qxg5 Qe2 38. Qh4+ Kg8 39. Qd8+ Kh7 40.
Qh4+ Kg8 41. Qg5 Kh7 42. Kh2 Qf2 43. h4 Bd3 44. Kh3 Kg8 45. Qe5 g6 46. e4 dxe4
47. fxe4 Bf1 48. Qe8+ Kg7 49. Qe7+ Kh6 50. Qg5+ Kh7 51. d5 cxd5 52. exd5 Qf3+
53. Kh2 Bxg2 54. Qxg2 Qf4+ 55. Kh3 Qf5+ 56. Kg3 g5 57. hxg5 Qxg5+ 58. Kf2 Qxg2+
59. Kxg2 1/2-1/2

[Event "Bundesliga 9900"]
[Site "Deutschland"]
[Date "2000.02.19"]
[Round "10.2"]
[White "Sadler, Matthew"]
[Black "Van der Sterren, Paul"]
[Result "0-1"]
[WhiteElo "2630"]
[BlackElo "2526"]
[PlyCount "92"]
[EventDate "1999.10.09"]
[EventType "team"]
[EventRounds "15"]
[EventCountry "GER"]
[SourceTitle "Bundesliga 9900"]
[Source "DeepChess"]
[SourceDate "2005.01.01"]
[SourceVersion "1"]
[SourceVersionDate "2005.01.01"]
[SourceQuality "1"]
[WhiteTeam "SG 1868 Aljech. Solingen"]
[BlackTeam "SV Castrop Rauxel 1923"]
[WhiteTeamCountry "GER"]
[BlackTeamCountry "GER"]

1. d4 Nf6 2. c4 e6 3. Nc3 Bb4 4. e3 c5 5. Nge2 cxd4 6. exd4 O-O 7. c5 d6 8. a3
Bxc3+ 9. Nxc3 dxc5 10. dxc5 Qc7 11. Qd6 Qxd6 12. cxd6 Rd8 13. Nb5 Nc6 14. Bg5
a6 15. Nc7 Rb8 16. O-O-O b5 17. g3 h6 18. Bxf6 gxf6 19. Bg2 Na5 20. Rd3 Rb6 21.
Rhd1 Bb7 22. b4 Bxg2 23. bxa5 Rc6+ 24. Kb2 Be4 25. Rd4 Bf3 26. R1d2 f5 27. Kb3
Be4 28. f4 Bf3 29. a4 bxa4+ 30. Kxa4 Kh7 31. Rb4 Rdxd6 32. Rxd6 Rxd6 33. Rb6
Rd4+ 34. Ka3 Rd2 35. Nxa6 Rxh2 36. Nb8 Bd5 37. a6 Rg2 38. Nc6 Rxg3+ 39. Kb4
Rb3+ 40. Kc5 Ra3 41. Kd6 h5 42. Ke7 Kg7 43. Rb1 h4 44. Rg1+ Rg3 45. Rc1 h3 46.
a7 Bxc6 0-1

[Event "Bundesliga 9900"]
[Site "Deutschland"]
[Date "2000.02.19"]
[Round "10.4"]
[White "Huebner, Robert"]
[Black "Hoffmann, Michael"]
[Result "1-0"]
[WhiteElo "2620"]
[BlackElo "2452"]
[PlyCount "65"]
[EventDate "1999.10.09"]
[EventType "team"]
[EventRounds "15"]
[EventCountry "GER"]
[SourceTitle "Bundesliga 9900"]
[Source "DeepChess"]
[SourceDate "2005.01.01"]
[SourceVersion "1"]
[SourceVersionDate "2005.01.01"]
[SourceQuality "1"]
[WhiteTeam "SG 1868 Aljech. Solingen"]
[BlackTeam "SV Castrop Rauxel 1923"]
[WhiteTeamCountry "GER"]
[BlackTeamCountry "GER"]

1. c4 b6 2. Nc3 Bb7 3. d4 e6 4. Nf3 Nf6 5. a3 d5 6. cxd5 Nxd5 7. Qc2 Nxc3 8.
bxc3 Be7 9. e4 O-O 10. Bd3 c5 11. O-O Qc8 12. Qe2 Ba6 13. Bf4 Bxd3 14. Qxd3
cxd4 15. cxd4 Qa6 16. Qe3 Nd7 17. a4 Rac8 18. Rfe1 Rc2 19. Qb3 Rfc8 20. Qb5 Qb7
21. h3 h6 22. Ne5 Nxe5 23. Bxe5 Bh4 24. Re2 R2c4 25. Rd1 Be7 26. d5 exd5 27.
exd5 R4c5 28. Qb3 Qd7 29. d6 Bf8 30. Bg3 Rc1 31. Red2 Rxd1+ 32. Rxd1 Rd8 33.
Qc4 1-0

[Event "Bundesliga 9900"]
[Site "Deutschland"]
[Date "2000.02.19"]
[Round "10.6"]
[White "Lobron, Eric"]
[Black "Brendel, Oliver"]
[Result "1-0"]
[WhiteElo "2550"]
[BlackElo "2398"]
[PlyCount "55"]
[EventDate "1999.10.09"]
[EventType "team"]
[EventRounds "15"]
[EventCountry "GER"]
[SourceTitle "Bundesliga 9900"]
[Source "DeepChess"]
[SourceDate "2005.01.01"]
[SourceVersion "1"]
[SourceVersionDate "2005.01.01"]
[SourceQuality "1"]
[WhiteTeam "SG 1868 Aljech. Solingen"]
[BlackTeam "SV Castrop Rauxel 1923"]
[WhiteTeamCountry "GER"]
[BlackTeamCountry "GER"]

1. Nf3 g6 2. e4 c5 3. c3 Bg7 4. d4 cxd4 5. cxd4 d5 6. exd5 Nf6 7. Nc3 Nxd5 8.
Bc4 Nb6 9. Bb3 O-O 10. O-O Nc6 11. d5 Na5 12. Re1 Nxb3 13. Qxb3 Bg4 14. Ne5 Bf5
15. Bf4 Nd7 16. Qxb7 Bxe5 17. Bxe5 Nc5 18. Qb5 Rc8 19. Qe2 Qa5 20. Rad1 Qa6 21.
Qxa6 Nxa6 22. Bd4 e6 23. h3 h5 24. f3 h4 25. Bf6 exd5 26. Nxd5 Rc4 27. b3 Rc2
28. Rd4 1-0

[Event "Bundesliga 9900"]
[Site "Deutschland"]
[Date "2000.02.19"]
[Round "10.7"]
[White "Appel, Ralf"]
[Black "Naumann, Alexander"]
[Result "1/2-1/2"]
[WhiteElo "2475"]
[BlackElo "2495"]
[PlyCount "100"]
[EventDate "1999.10.09"]
[EventType "team"]
[EventRounds "15"]
[EventCountry "GER"]
[SourceTitle "Bundesliga 9900"]
[Source "DeepChess"]
[SourceDate "2005.01.01"]
[SourceVersion "1"]
[SourceVersionDate "2005.01.01"]
[SourceQuality "1"]
[WhiteTeam "SV Castrop Rauxel 1923"]
[BlackTeam "SG 1868 Aljech. Solingen"]
[WhiteTeamCountry "GER"]
[BlackTeamCountry "GER"]

1. Nf3 Nf6 2. g3 g6 3. Bg2 Bg7 4. O-O d5 5. c4 dxc4 6. Na3 O-O 7. Nxc4 Nbd7 8.
b3 Ne8 9. d4 Nd6 10. Bf4 Nb6 11. Rc1 Nd5 12. Be5 f6 13. Bxd6 exd6 14. e4 Ne7
15. d5 f5 16. Nd4 f4 17. Re1 g5 18. e5 dxe5 19. Nxe5 Nxd5 20. Ndc6 bxc6 21.
Nxc6 Qf6 22. Qxd5+ Kh8 23. Ne5 fxg3 24. fxg3 Rb8 25. Rf1 Be6 26. Rxf6 Bxd5 27.
Bxd5 Bxf6 28. Nf7+ Rxf7 29. Bxf7 c5 30. Kg2 Kg7 31. Bh5 Bd4 32. Re1 Rb7 33. Kf3
Bf6 34. Re8 Rc7 35. Ra8 Bd4 36. Rd8 Bf6 37. Rd5 Kh6 38. Rd6 Kg7 39. Ra6 Bd4 40.
Rd6 Bg1 41. Kg2 Be3 42. Re6 Bd4 43. Kh3 Bf6 44. Ra6 Bd4 45. Be2 Bg1 46. Rd6 Rf7
47. Bc4 Rf2 48. Rd7+ Kg6 49. Bd3+ Kf6 50. Rxh7 Rxh2+ 1/2-1/2

[Event "Bundesliga 9900"]
[Site "Deutschland"]
[Date "2000.02.19"]
[Round "10.2"]
[White "Van Wely, Loek"]
[Black "Ribli, Zoltan"]
[Result "1-0"]
[WhiteElo "2646"]
[BlackElo "2569"]
[PlyCount "41"]
[EventDate "1999.10.09"]
[EventType "team"]
[EventRounds "15"]
[EventCountry "GER"]
[SourceTitle "Bundesliga 9900"]
[Source "DeepChess"]
[SourceDate "2005.01.01"]
[SourceVersion "1"]
[SourceVersionDate "2005.01.01"]
[SourceQuality "1"]
[WhiteTeam "SG Porz e.V."]
[BlackTeam "SK Passau 1869"]
[WhiteTeamCountry "GER"]
[BlackTeamCountry "GER"]

1. d4 Nf6 2. c4 e6 3. Nf3 d5 4. Bg5 Bb4+ 5. Nc3 dxc4 6. a3 Bxc3+ 7. bxc3 b5 8.
e4 Nbd7 9. e5 h6 10. exf6 hxg5 11. fxg7 Rg8 12. Qb1 g4 13. Ne5 Qg5 14. Qxb5 Rb8
15. Qc6 Qf5 16. Bxc4 Rb1+ 17. Rxb1 Qxb1+ 18. Kd2 Qxh1 19. Bxe6 Ke7 20. Bxd7 Qf1
21. Ng6+ 1-0

[Event "Bundesliga 9900"]
[Site "Deutschland"]
[Date "2000.02.19"]
[Round "10.3"]
[White "Smejkal, Jan"]
[Black "Khalifman, Alexander"]
[Result "1/2-1/2"]
[WhiteElo "2526"]
[BlackElo "2656"]
[PlyCount "44"]
[EventDate "1999.10.09"]
[EventType "team"]
[EventRounds "15"]
[EventCountry "GER"]
[SourceTitle "Bundesliga 9900"]
[Source "DeepChess"]
[SourceDate "2005.01.01"]
[SourceVersion "1"]
[SourceVersionDate "2005.01.01"]
[SourceQuality "1"]
[WhiteTeam "SK Passau 1869"]
[BlackTeam "SG Porz e.V."]
[WhiteTeamCountry "GER"]
[BlackTeamCountry "GER"]

1. Nf3 Nf6 2. g3 g6 3. c4 Bg7 4. Bg2 O-O 5. d4 d5 6. cxd5 Nxd5 7. O-O Nb6 8.
Nc3 Nc6 9. e3 Re8 10. d5 Na5 11. Nd4 Bd7 12. e4 c6 13. Bf4 Bc8 14. Nde2 cxd5
15. exd5 e5 16. Bc1 Nac4 17. b3 Nd6 18. a4 Bg4 19. Ba3 Nbc8 20. h3 Bxe2 21.
Qxe2 a6 22. Rfd1 f5 1/2-1/2

[Event "Bundesliga 9900"]
[Site "Deutschland"]
[Date "2000.02.19"]
[Round "10.5"]
[White "Stangl, Markus"]
[Black "Hansen, Curt"]
[Result "1/2-1/2"]
[WhiteElo "2488"]
[BlackElo "2618"]
[PlyCount "54"]
[EventDate "1999.10.09"]
[EventType "team"]
[EventRounds "15"]
[EventCountry "GER"]
[SourceTitle "Bundesliga 9900"]
[Source "DeepChess"]
[SourceDate "2005.01.01"]
[SourceVersion "1"]
[SourceVersionDate "2005.01.01"]
[SourceQuality "1"]
[WhiteTeam "SK Passau 1869"]
[BlackTeam "SG Porz e.V."]
[WhiteTeamCountry "GER"]
[BlackTeamCountry "GER"]

1. Nf3 c5 2. c4 g6 3. d4 Bg7 4. e3 Nf6 5. Nc3 O-O 6. Be2 cxd4 7. Nxd4 d5 8.
cxd5 Nxd5 9. Nxd5 Qxd5 10. O-O Rd8 11. Bf3 Qd6 12. Qc2 Nd7 13. Rd1 Ne5 14. Be2
Bg4 15. f3 Bd7 16. Qb3 Qb6 17. Qxb6 axb6 18. Bd2 Ba4 19. b3 Nc6 20. Bc3 Nxd4
21. Bxd4 Bxd4 22. exd4 Bc6 23. a4 Ra5 24. Kf2 e6 25. Rac1 Rad5 26. Ke3 Kf8 27.
f4 h5 1/2-1/2

[Event "Bundesliga 9900"]
[Site "Deutschland"]
[Date "2000.02.19"]
[Round "10.6"]
[White "Vogt, Lothar"]
[Black "Klebel, Martin"]
[Result "1/2-1/2"]
[WhiteElo "2466"]
[BlackElo "2402"]
[PlyCount "82"]
[EventDate "1999.10.09"]
[EventType "team"]
[EventRounds "15"]
[EventCountry "GER"]
[SourceTitle "Bundesliga 9900"]
[Source "DeepChess"]
[SourceDate "2005.01.01"]
[SourceVersion "1"]
[SourceVersionDate "2005.01.01"]
[SourceQuality "1"]
[WhiteTeam "SG Porz e.V."]
[BlackTeam "SK Passau 1869"]
[WhiteTeamCountry "GER"]
[BlackTeamCountry "GER"]

1. e4 c5 2. c3 Nf6 3. e5 Nd5 4. Nf3 e6 5. d4 cxd4 6. cxd4 b6 7. Nc3 Nxc3 8.
bxc3 Qc7 9. Bd2 Bb7 10. Bd3 d6 11. O-O Nd7 12. Bf4 Be7 13. Re1 O-O 14. c4 Bxf3
15. Qxf3 dxe5 16. dxe5 Nc5 17. Bf1 Rfd8 18. Rad1 Rxd1 19. Rxd1 Rd8 20. Bg3 g6
21. Bf4 Rxd1 22. Qxd1 Qd8 23. Qd2 Kf8 24. Bh6+ Ke8 25. g3 Qxd2 26. Bxd2 a5 27.
Bg2 Kd7 28. f4 Na4 29. Kf2 Bb4 30. Bxb4 axb4 31. Ke3 Nc3 32. Kd3 Nxa2 33. Kc2
h6 34. Kb3 Nc1+ 35. Kxb4 Nd3+ 36. Kb5 Kc7 37. h4 Nc1 38. Bc6 Ne2 39. Be8 Nxg3
40. Bxf7 Ne2 41. Bxg6 Nxf4 1/2-1/2

[Event "Bundesliga 9900"]
[Site "Deutschland"]
[Date "2000.02.19"]
[Round "10.7"]
[White "Renner, Christoph"]
[Black "Hort, Vlastimil"]
[Result "0-1"]
[WhiteElo "2442"]
[BlackElo "2541"]
[PlyCount "43"]
[EventDate "1999.10.09"]
[EventType "team"]
[EventRounds "15"]
[EventCountry "GER"]
[SourceTitle "Bundesliga 9900"]
[Source "DeepChess"]
[SourceDate "2005.01.01"]
[SourceVersion "1"]
[SourceVersionDate "2005.01.01"]
[SourceQuality "1"]
[WhiteTeam "SK Passau 1869"]
[BlackTeam "SG Porz e.V."]
[WhiteTeamCountry "GER"]
[BlackTeamCountry "GER"]

1. e4 Nf6 2. d3 c5 3. g3 Nc6 4. Bg2 d5 5. Nd2 e5 6. Ngf3 Be7 7. O-O O-O 8. c3
Re8 9. exd5 Nxd5 10. Re1 Bf8 11. Nc4 f6 12. Qb3 Re6 13. a4 g6 14. Bh3 Re7 15.
Bxc8 Rxc8 16. Ne3 Rd7 17. Nxd5 Rxd5 18. Qxb7 Na5 19. Qb5 c4 20. Qa6 Rc6 21.
Qxa7 Bc5 22. Qxa5 0-1

[Event "Bundesliga 9900"]
[Site "Deutschland"]
[Date "2000.02.19"]
[Round "10.8"]
[White "Van den Doel, Erik"]
[Black "Pichler, Juergen"]
[Result "1-0"]
[WhiteElo "2522"]
[BlackElo "2412"]
[PlyCount "41"]
[EventDate "1999.10.09"]
[EventType "team"]
[EventRounds "15"]
[EventCountry "GER"]
[SourceTitle "Bundesliga 9900"]
[Source "DeepChess"]
[SourceDate "2005.01.01"]
[SourceVersion "1"]
[SourceVersionDate "2005.01.01"]
[SourceQuality "1"]
[WhiteTeam "SG Porz e.V."]
[BlackTeam "SK Passau 1869"]
[WhiteTeamCountry "GER"]
[BlackTeamCountry "GER"]

1. e4 e6 2. d4 d5 3. Nc3 Bb4 4. e5 c5 5. a3 Ba5 6. b4 cxd4 7. Nb5 Bc7 8. f4 Nh6
9. Nf3 O-O 10. Bd3 Nc6 11. Nxc7 Qxc7 12. O-O a6 13. Ng5 g6 14. Rf3 f6 15. exf6
Rxf6 16. Rh3 Qg7 17. Qe1 e5 18. fxe5 Nxe5 19. Rxh6 Nxd3 20. Qh4 Qf8 21. Rxg6+
1-0

[Event "Bundesliga 9900"]
[Site "Deutschland"]
[Date "2000.02.20"]
[Round "11.3"]
[White "Gdanski, Jacek"]
[Black "Gisbrecht, Ewgeni"]
[Result "1-0"]
[WhiteElo "2535"]
[BlackElo "2422"]
[PlyCount "105"]
[EventDate "1999.10.09"]
[EventType "team"]
[EventRounds "15"]
[EventCountry "GER"]
[SourceTitle "Bundesliga 9900"]
[Source "DeepChess"]
[SourceDate "2005.01.01"]
[SourceVersion "1"]
[SourceVersionDate "2005.01.01"]
[SourceQuality "1"]
[WhiteTeam "SK Koenig Plauen"]
[BlackTeam "Delmenhorster SK 1931"]
[WhiteTeamCountry "GER"]
[BlackTeamCountry "GER"]

1. e4 c5 2. Nc3 Nc6 3. Nf3 e5 4. Bc4 d6 5. d3 Be7 6. Nd2 Nf6 7. Nf1 a6 8. a4
Rb8 9. Bd2 b6 10. Ne3 O-O 11. O-O Nd4 12. Ncd5 Nxd5 13. Bxd5 Bg5 14. c3 Ne6 15.
g3 Bxe3 16. Bxe3 Nc7 17. Bb3 d5 18. a5 d4 19. cxd4 cxd4 20. Bd2 Ne6 21. f4 exf4
22. gxf4 Nc5 23. Bc2 f5 24. b4 Ne6 25. Bb3 Kh8 26. Qh5 bxa5 27. Rxa5 Rb5 28.
Bxe6 Bxe6 29. Rxa6 Qd7 30. e5 Bd5 31. Rd6 Qe7 32. Qg5 Qf7 33. Rc1 Ba8 34. Kf2
Rbb8 35. Rg1 Rg8 36. e6 Qc7 37. Rxd4 Qb6 38. Be3 Qxe6 39. Rc4 Rbe8 40. Rg3 Re7
41. b5 Rge8 42. b6 h6 43. Qh5 Qd5 44. Bd4 Qe6 45. Re3 Be4 46. Rc7 Qd6 47. Be5
Qxb6 48. dxe4 Rxe5 49. fxe5 Rxe5 50. Qf7 Qb2+ 51. Re2 Qd4+ 52. Kg2 Ra5 53. Qg6
1-0

[Event "Bundesliga 9900"]
[Site "Deutschland"]
[Date "2000.02.20"]
[Round "11.4"]
[White "Lauber, Arnd"]
[Black "Bischoff, Klaus"]
[Result "0-1"]
[WhiteElo "2416"]
[BlackElo "2544"]
[PlyCount "52"]
[EventDate "1999.10.09"]
[EventType "team"]
[EventRounds "15"]
[EventCountry "GER"]
[SourceTitle "Bundesliga 9900"]
[Source "DeepChess"]
[SourceDate "2005.01.01"]
[SourceVersion "1"]
[SourceVersionDate "2005.01.01"]
[SourceQuality "1"]
[WhiteTeam "Delmenhorster SK 1931"]
[BlackTeam "SK Koenig Plauen"]
[WhiteTeamCountry "GER"]
[BlackTeamCountry "GER"]

1. d4 Nf6 2. c4 e6 3. Nf3 d5 4. Bg5 dxc4 5. Qa4+ Nbd7 6. Qxc4 c5 7. e3 cxd4 8.
exd4 Be7 9. Bd3 O-O 10. Bc2 h6 11. Bh4 Qa5+ 12. Nbd2 b6 13. Bd3 Bb7 14. O-O
Rac8 15. Qb3 g5 16. Nc4 Rxc4 17. Bxc4 gxh4 18. Nxh4 Qh5 19. Nf3 Bd6 20. h3 Kh8
21. Rfd1 Rg8 22. Kf1 Nd5 23. Bxd5 Bxd5 24. Qe3 Nf8 25. Ne1 Ng6 26. f3 Bc4+ 0-1